El diagnòstic social en els serveis socials bàsics : fonaments teòrics, normatius i professionals d'una tasca clau / fonaments teòrics, normatius i professionals d'una tasca clau /
ISBN:
9788498038828
Descripción Física:
101 pàgines ; 24 cm
Materias:
Serveis socials
; Condicions socials
; Necessitats socials
; Treball social -- Metodologia
; Treball social -- Avaluació
; Avaluació en programes socials
Idioma:
Catalán
MARC
| LEADER | 00000nam a2200000 i 4500 | ||
|---|---|---|---|
| 001 | 25206 | ||
| 003 | Arxiu | ||
| 005 | 20260324180727.0 | ||
| 008 | 201124e201911 spc|||| |||| 0|0 0 cat| | ||
| 015 | |a LL2020 |2 bnc | ||
| 017 | |a DL B 23220-2019 |b Biblioteca de Catalunya | ||
| 020 | |a 9788498038828 | ||
| 035 | |a (ES-BaCBU).b74686355 | ||
| 040 | |a ES-BaBC |b cat |e rda |c ES-BaBC | ||
| 080 | |a 330.163.13 |2 2004 | ||
| 080 | |a 364 |2 2004 | ||
| 080 | |a 364-78:303 |2 2004 | ||
| 080 | |a 364-78:005.585 |2 2004 | ||
| 080 | |a 364-78 |2 2004 | ||
| 100 | 1 | |a Giménez Bertomeu, Víctor M. |e autor |9 68745 | |
| 245 | 1 | 3 | |a El diagnòstic social en els serveis socials bàsics : |b fonaments teòrics, normatius i professionals d'una tasca clau / |c Autors: Víctor M. Giménez Bertomeu (Universitat d'Alacant), Josep Maria Mesquida, Belén Parra i Adela Boixadós (Universitat de Barcelona) |
| 250 | |a 1a edició | ||
| 260 | |a Barcelona : |b Diputació de Barcelona ; |c 2019 | ||
| 264 | 1 | |a [Barcelona] : |b Diputació de Barcelona, Gabinet de Premsa i Comunicació, |c novembre de 2019 | |
| 300 | |a 101 pàgines ; |c 24 cm | ||
| 336 | |a text |b txt |2 rdacontent | ||
| 337 | |a sense mediació |b n |2 rdamedia | ||
| 338 | |a volum |b nc |2 rdacarrier | ||
| 490 | 1 | |a Estudis. Benestar i ciutadania |v 2 | |
| 504 | |a Inclou referències bibliogràfiques (pàgines 91-101) | ||
| 506 | 0 | |f Unrestricted online access |2 star | |
| 650 | 7 | |a Serveis socials |2 thub |9 30783 | |
| 650 | 7 | |a Condicions socials |2 thub |9 64475 | |
| 650 | 7 | |a Necessitats socials |2 lemac |9 64264 | |
| 650 | 7 | |a Serveis socials |2 lemac |9 30783 | |
| 650 | 7 | |a Treball social |x Metodologia |2 lemac | |
| 650 | 7 | |a Treball social |x Avaluació |2 lemac | |
| 650 | 7 | |a Avaluació en programes socials |2 lemac | |
| 700 | 1 | |a Mesquida, Josep Maria, |e autor |9 68504 | |
| 700 | 1 | |a Parra Ramajo, Belén, |e autor | |
| 700 | 1 | |a Boixadòs, Adela, |e autor |9 68505 | |
| 830 | 0 | |a Estudis (Barcelona (Catalunya : Província). Diputació). |p Benestar i ciutadania ; |v 2 | |
| 856 | 4 | 0 | |z Accés lliure |u https://llibreria.diba.cat/es/unclick/descargaebook.php?uid=BA444D678BD29F991F4A5125C95D2E9CE7120D6035F67F39E0C47CB59D1CCD67&c=63283&m=descarga |
| 907 | |a .b74686355 |b 21-06-21 |c 24-11-20 |d 24-11-20 |e m |f a |g - |h cat |i spc |j 0 |k 0 | ||
| 908 | |a BC |a UB | ||
| 940 | |a BC | ||
| 942 | |2 udc |c ARXIU |n 1 | ||
| 952 | |0 0 |1 0 |4 0 |6 BIB477 |7 1 |9 61138 |a Arxiu |b Arxiu |d 2022-03-15 |l 0 |o Bib-477 |p 25206 |r 2022-03-15 00:00:00 |w 2022-03-15 |y ARXIU | ||
| 999 | |c 81210 |d 81210 | ||